000 01902nam a2200541 i 4500
001 39659
003 KOSZ 005
005 20240405063129.0
008 000428s1999 pl |000 0 pol
015 _aUWD 2000/22970
020 _a8387585017
035 _a991013836479705066
035 _a(PL-WaBN)b13722724-48omnis_nlop
035 _ab13722724
035 _a(OCoLC)750024234
035 _a(PL)b0000001372272
035 _a(EXLNZ-48OMNIS_NETWORK)9910527977205606
040 _aWA N
_cWA N
_dKOSZ 005/HR
041 0 _apol
046 _k1999
080 _a339.5(4:4-67)
080 _a341.12(4-67)
100 1 _aLatoszek, Ewa
_d(1954- )
_eAutor
245 1 0 _aPodmiotowość prawna Wspólnoty Europejskiej i jej kompetencje w zakresie zewnętrznych stosunków umownych /
_cEwa Latoszek ; Wyższa Szkoła Handlu i Finansów Międzynarodowych.
260 _aWarszawa :
_b"Elipsa",
_c1999.
300 _a71 s. ;
_c24 cm.
336 _aTekst
_btxt
_2rdacontent
337 _aBez urządzenia pośredniczącego
_bn
_2rdamedia
338 _aWolumin
_bnc
_2rdacarrier
380 _aKsiążki
388 _a1901-2000
388 _a1989-2000
504 _aBibliogr.
610 2 _aUnia Europejska (UE)
648 7 _a1901-2000
648 7 _a1945-1989
648 7 _a1989-2000
650 7 _aHandel zagraniczny
_2DBN
650 7 _aPolityka gospodarcza
650 7 _aPrawo Unii Europejskiej
_2DBN
650 7 _aUmowy międzynarodowe gospodarcze
_2DBN
658 _aGospodarka, ekonomia, finanse
658 _aPrawo i wymiar sprawiedliwości
710 2 _aWyższa Szkoła Handlu i Finansów Międzynarodowych im. Fryderyka Skarbka
856 _uhttp://koha.tu.koszalin.pl/cgi-bin/koha/opac-detail.pl?biblionumber=39659
_yKatalog online BPK
942 _2UKD
_cKS
999 _c39659
_d39659